Fancy Bear Goes Phishing (Record no. 3422)

MARC details
000 -LEADER
fixed length control field 00462nam a22001457a 4500
008 - FIXED-LENGTH DATA ELEMENTS--GENERAL INFORMATION
fixed length control field 250513b |||||||| |||| 00| 0 eng d
020 ## - INTERNATIONAL STANDARD BOOK NUMBER
ISBN 9780241461969
100 ## - MAIN ENTRY--AUTHOR
Author Shapiro J. Scott
245 ## - TITLE STATEMENT
Title Fancy Bear Goes Phishing
Remainder of title The Dark History of the information Age, in five Extraordinary Hacks.
260 ## - PUBLICATION, DISTRIBUTION, ETC. (IMPRINT)
Place of publication Dublin
Name of publisher Allen Lane
Date of publication 2023
300 ## - COLLATION
Pagination 420P.
Other physical details ill.
650 ## - TRACINGS
Main Subject Hacking - Case Studies
Subdivision (1st) Phishing - Case Studies
942 ## - ADDED ENTRY ELEMENTS (KOHA)
Item type Books
050 ## - LIBRARY OF CONGRESS CALL NUMBER
Classification number HN6773
Item number .S53
Holdings
Source of classification or shelving scheme Not for loan Permanent location Current location Date acquired Accession No. Full call number Barcode. Koha item type
Library of Congress Classification   Samuel Ogbemudia Main Library, University of Abuja Samuel Ogbemudia Main Library, University of Abuja 05/13/2025 2024/63720 HN6773.S53 2025-1889 Books